000 00562nam a22001817a 4500
005 20251108165314.0
008 250721s1983 xx 000 0 ara d
082 1 4 _a923.247/ترو
100 1 _aدويتشر، إسحق
245 1 0 _aالنبي المنبوذ تروتسكي 1929-1940 /
264 1 _aبيروت :
_bالمؤسسة العربية للدراسات،
_c1983.
300 _a593ص : مص
650 1 7 _aالتراجم
650 1 7 _aالسياسيون
700 1 _aقيصر داغر، كميل
_eترجمة
942 _2ddc
_cBK
999 _c24630
_d24630